[Event "Najdorf Mem Open A 2014"]
[Site "Warsaw POL"]
[Date "2014.07.16"]
[Round "4.33"]
[White "Lewtak, Damian"]
[Black "Halak, Miklos"]
[Result "1-0"]
[WhiteElo "2331"]
[BlackElo "2213"]
[WhiteFideId "1141724"]
[BlackFideId "726400"]
[EventDate "2014.07.14"]

1. Nf3 Nf6 2. g3 d5 3. Bg2 Bf5 4. c4 e6 5. O-O c6 6. d4 h6 7. Nc3 Nbd7 8. Qb3
Qb6 9. c5 Qc7 10. Bf4 Qc8 11. h4 Be7 12. Rfc1 O-O 13. Qd1 Re8 14. b4 Ng4 15. Nh2
e5 16. dxe5 Ngxe5 17. e4 Bh7 18. Bxe5 Nxe5 19. f4 Nc4 20. exd5 Ne3 21. Qf3 Bf6
22. dxc6 bxc6 23. Qxc6 Nxg2 24. Qxc8 Raxc8 25. Kxg2 h5 26. Nf3 Rb8 27. a3 a5 28.
b5 Bxc3 29. Rxc3 Rxb5 30. Re1 Rb2+ 31. Kg1 Rc8 32. c6 Bf5 33. Nd4 Bg4 34. c7 Kf8
35. f5 Rb7 36. Rec1 a4 37. Rc5 Ke7 38. Nb5 g6 39. f6+ Kd7 40. Rd5+ Ke6 41. Rd6+
Kf5 42. Rf1+ Ke4 43. Re1+ Be2 44. Rxe2+ Kf3 45. Rf2+ Kxg3 46. Rd3+ Kxh4 47. Rd8
Rbxc7 48. Rd4+ Kg3 49. Nxc7 Rxc7 50. Rd3+ Kg4 51. Kg2 1-0

[Event "Najdorf Mem Open A 2014"]
[Site "Warsaw POL"]
[Date "2014.07.16"]
[Round "4.34"]
[White "Przybylski, Wojciech"]
[Black "Cajbel, Maciej"]
[Result "1-0"]
[WhiteTitle "FM"]
[WhiteElo "2313"]
[BlackElo "2206"]
[WhiteFideId "1117599"]
[BlackFideId "1123475"]
[EventDate "2014.07.14"]

1. e4 c5 2. b3 Nc6 3. Bb2 e5 4. Nf3 d6 5. Bb5 Bd7 6. O-O Nf6 7. Re1 Be7 8. c3
O-O 9. d4 cxd4 10. cxd4 exd4 11. Nbd2 Ng4 12. Bxc6 bxc6 13. Bxd4 f6 14. Nc4 Ne5
15. Ne3 Qe8 16. Nh4 Bd8 17. Bc3 Bc7 18. Nhf5 Rd8 19. Nxd6 Bxd6 20. Qxd6 Bf5 21.
Qc5 Bxe4 22. Bxe5 fxe5 23. Rad1 Rxd1 24. Rxd1 Qf7 25. Rd2 Re8 26. f3 Bg6 27.
Qxc6 e4 28. Rd7 Qf8 29. Qc3 exf3 30. gxf3 Kh8 31. Rxa7 Rc8 32. Rc7 Rd8 33. a4 h6
34. a5 Kh7 35. b4 Rd3 36. Qe5 Rb3 37. b5 Bd3 38. Rb7 Rb1+ 39. Kf2 Qg8 40. Nd5
Rf1+ 41. Kg2 Qf8 42. Nf6+ Kg6 43. Qh5+ 1-0

[Event "Najdorf Mem Open A 2014"]
[Site "Warsaw POL"]
[Date "2014.07.16"]
[Round "4.35"]
[White "Jarmula, Pawel"]
[Black "Bednarek, Sylwester"]
[Result "0-1"]
[BlackTitle "FM"]
[WhiteElo "2140"]
[BlackElo "2311"]
[WhiteFideId "1146211"]
[BlackFideId "1101811"]
[EventDate "2014.07.14"]

1. e4 c6 2. d4 g6 3. c4 d6 4. Nf3 Bg7 5. Nc3 Nd7 6. Be2 e5 7. h3 Nh6 8. dxe5
dxe5 9. Be3 f6 10. O-O Qe7 11. Qc2 Nf7 12. Rfd1 O-O 13. a3 Bh6 14. Bxh6 Nxh6 15.
b4 f5 16. Qd2 Nf7 17. exf5 gxf5 18. Bf1 Qf6 19. c5 e4 20. Nd4 Nde5 21. Qf4 Ng6
22. Qe3 Ng5 23. Bc4+ Kh8 24. Nde2 Ne5 25. h4 Ngf3+ 26. gxf3 Nxc4 27. Qf4 Be6 28.
Rd4 Ne5 29. fxe4 Rg8+ 30. Kf1 Rg4 31. Qc1 Qxh4 32. Ng3 f4 33. Nf5 Bxf5 34. exf5
Qh1+ 35. Ke2 Qf3+ 36. Kd2 Qxf2+ 0-1

[Event "Najdorf Mem Open A 2014"]
[Site "Warsaw POL"]
[Date "2014.07.16"]
[Round "4.36"]
[White "Obrusnik, Michal"]
[Black "Wisniowska, Klaudia"]
[Result "1/2-1/2"]
[BlackTitle "WFM"]
[WhiteElo "2306"]
[BlackElo "2186"]
[WhiteFideId "1136674"]
[BlackFideId "1181238"]
[EventDate "2014.07.14"]

1. e4 c5 2. c3 Nf6 3. e5 Nd5 4. d4 cxd4 5. cxd4 Nc6 6. Nf3 d6 7. Bc4 Nb6 8. Bb5
Bd7 9. Nc3 dxe5 10. dxe5 g6 11. O-O Bg7 12. Qe2 O-O 13. Rd1 Qc7 14. a4 a5 15.
Be3 Bg4 16. Bxb6 Qxb6 17. Nd5 Qa7 18. Qe4 Bxf3 19. gxf3 Nxe5 20. Nxe7+ Kh8 21.
f4 Ng4 22. Qf3 Nf6 23. Rac1 Qb6 24. Qe3 Qxe3 25. fxe3 Ng4 26. Nd5 Bxb2 27. Rb1
Bg7 28. Be2 Nf6 29. Nxf6 Bxf6 30. Rxb7 Rab8 31. Rdd7 Rxb7 32. Rxb7 Bc3 33. Kf2
f5 34. h4 h5 35. Rb6 1/2-1/2

[Event "Najdorf Mem Open A 2014"]
[Site "Warsaw POL"]
[Date "2014.07.16"]
[Round "4.37"]
[White "Erzhanov, Arman"]
[Black "Czerwonski, Aleksander"]
[Result "1/2-1/2"]
[WhiteTitle "FM"]
[BlackTitle "IM"]
[WhiteElo "2278"]
[BlackElo "2380"]
[WhiteFideId "4138821"]
[BlackFideId "1100459"]
[EventDate "2014.07.14"]

1. e4 e5 2. Nf3 Nc6 3. Bb5 a6 4. Bxc6 dxc6 5. O-O f6 6. d4 exd4 7. Nxd4 c5 8.
Ne2 Qxd1 9. Rxd1 Be6 10. Bf4 Bd6 11. Bxd6 Rd8 12. Nf4 Kf7 13. Nc3 cxd6 14. Rd3
Ne7 15. Rad1 Nc8 16. Ncd5 Rd7 17. f3 Re8 18. Ne3 g6 19. Kf2 Red8 20. Nfd5 Bxd5
21. Nxd5 Ke6 22. Nf4+ Kf7 23. Nd5 Ke6 24. Nf4+ Kf7 25. Nd5 1/2-1/2

[Event "Najdorf Mem Open A 2014"]
[Site "Warsaw POL"]
[Date "2014.07.16"]
[Round "4.38"]
[White "Gasik, Anna"]
[Black "Korchmar, Vasiliy"]
[Result "1/2-1/2"]
[WhiteTitle "WIM"]
[BlackTitle "FM"]
[WhiteElo "2261"]
[BlackElo "2352"]
[WhiteFideId "1121952"]
[BlackFideId "24131750"]
[EventDate "2014.07.14"]

1. e4 e5 2. Bc4 Nc6 3. Nf3 Bc5 4. c3 Nf6 5. d4 exd4 6. cxd4 Bb4+ 7. Bd2 Bxd2+ 8.
Nbxd2 d5 9. exd5 Nxd5 10. Qb3 Na5 11. Qa4+ Nc6 12. Qb3 Nce7 13. O-O O-O 14. Rfe1
c6 15. Ne5 Qb6 16. Ndf3 Bf5 17. Rad1 Rad8 18. h3 h6 19. a3 Rfe8 20. Nd3 Qxb3 21.
Bxb3 Bxd3 22. Rxd3 Nf5 23. Rxe8+ Rxe8 24. Bxd5 cxd5 25. Kf1 Rc8 26. Ke2 Nd6 27.
Ne1 Kf8 28. f3 Rc6 29. b3 Ke7 30. Kd2 Kf6 31. Nc2 a5 32. Re3 Nf5 33. Re8 Rb6 34.
Kc3 Rc6+ 35. Kd2 Rb6 36. Kc3 Rc6+ 37. Kd2 Rb6 1/2-1/2

[Event "Najdorf Mem Open A 2014"]
[Site "Warsaw POL"]
[Date "2014.07.16"]
[Round "4.39"]
[White "Lewicki, Miroslaw"]
[Black "Kukawski, Maciej"]
[Result "0-1"]
[WhiteTitle "CM"]
[WhiteElo "2242"]
[BlackElo "2346"]
[WhiteFideId "1113380"]
[BlackFideId "1124579"]
[EventDate "2014.07.14"]

1. e4 c5 2. Nf3 d6 3. d4 cxd4 4. Nxd4 Nf6 5. Nc3 a6 6. Be2 e6 7. O-O b5 8. Bf3
Ra7 9. Be3 Rd7 10. a4 b4 11. Na2 Bb7 12. c3 Nxe4 13. Nxb4 Be7 14. Nd3 O-O 15.
Qb3 Kh8 16. Rfe1 Qc8 17. Qc2 Rc7 18. Qe2 Nd7 19. a5 Ndf6 20. Nb4 e5 21. Ndc2 d5
22. Bb6 Rd7 23. Ne3 d4 24. Nf5 Bxb4 25. cxb4 d3 26. Qd1 Qc4 27. Bxe4 Bxe4 28.
Ng3 d2 29. Rxe4 Nxe4 30. Nf1 Qxb4 31. Ra4 Qxa4 0-1

[Event "Najdorf Mem Open A 2014"]
[Site "Warsaw POL"]
[Date "2014.07.16"]
[Round "4.40"]
[White "Plichta, Kamil"]
[Black "Adamski, Jan"]
[Result "1-0"]
[BlackTitle "IM"]
[WhiteElo "2247"]
[BlackElo "2293"]
[WhiteFideId "1141830"]
[BlackFideId "1100190"]
[EventDate "2014.07.14"]

1. d4 Nf6 2. c4 e6 3. Nc3 Bb4 4. e3 b6 5. Ne2 Ba6 6. a3 Bxc3+ 7. Nxc3 d5 8. Qf3
c5 9. dxc5 bxc5 10. cxd5 exd5 11. Bxa6 Nxa6 12. O-O O-O 13. Rd1 Nc7 14. b4 Qe7
15. bxc5 Qxc5 16. Ne2 Rab8 17. Bd2 Rfc8 18. Nd4 Ne6 19. Nf5 Ng5 20. Qf4 Ne6 21.
Qe5 d4 22. exd4 Qxe5 23. dxe5 Nd5 24. Bb4 Nec7 25. Bd6 g6 26. Ne3 Nxe3 27. fxe3
Ra8 28. Rab1 Ne6 29. Rb7 Rc3 30. Rf1 Nd8 31. Re7 g5 32. Re8+ Kg7 33. e6 1-0

[Event "Najdorf Mem Open A 2014"]
[Site "Warsaw POL"]
[Date "2014.07.16"]
[Round "4.41"]
[White "Warakomska, Anna"]
[Black "Teglas, Balazs"]
[Result "1/2-1/2"]
[WhiteTitle "WFM"]
[WhiteElo "2158"]
[BlackElo "2213"]
[WhiteFideId "1130790"]
[BlackFideId "727130"]
[EventDate "2014.07.14"]

1. e4 d6 2. d4 Nf6 3. Nc3 e5 4. Nf3 Nbd7 5. Bc4 h6 6. O-O Be7 7. Re1 c6 8. a4
Qc7 9. b3 Nf8 10. Bb2 Ng6 11. Nb1 O-O 12. Nbd2 b6 13. Nf1 Nxe4 14. Rxe4 d5 15.
Nxe5 Nxe5 16. Rxe5 dxc4 17. bxc4 Bf6 18. Re2 c5 19. Rb1 cxd4 20. Bxd4 Rd8 21.
Rd2 Bxd4 22. Rxd4 Ba6 23. Ne3 Rxd4 24. Qxd4 Rd8 25. Nd5 Qd6 26. Rd1 Kh8 27. h3
Qc6 28. Qh4 Rd7 29. Re1 Qxc4 30. Re8+ Kh7 31. Nf6+ Kg6 32. Re4 Rd1+ 33. Kh2 Qc7+
34. g3 gxf6 35. Qg4+ Kh7 36. Qxd1 Bb7 37. Rf4 f5 38. Qh5 Be4 39. Rh4 Qc6 40.
Qxf7+ Kh8 41. Qf8+ Kh7 42. Qe7+ Kg8 43. Rxe4 fxe4 44. Qxa7 e3 45. fxe3 Qxc2+ 46.
Kg1 Qd1+ 47. Kf2 Qc2+ 48. Kf3 Qf5+ 49. Ke2 Qc2+ 50. Kf3 1/2-1/2

[Event "Najdorf Mem Open A 2014"]
[Site "Warsaw POL"]
[Date "2014.07.16"]
[Round "4.42"]
[White "Nowak, Lukasz2"]
[Black "Goslawski, Michal"]
[Result "1-0"]
[WhiteElo "2110"]
[BlackElo "2156"]
[WhiteFideId "1166760"]
[BlackFideId "1171259"]
[EventDate "2014.07.14"]

1. e4 e6 2. d4 d5 3. Nc3 Bb4 4. e5 Ne7 5. a3 Bxc3+ 6. bxc3 c5 7. h4 Qc7 8. Nf3
b6 9. h5 h6 10. Bb5+ Bd7 11. Bd3 Ba4 12. Bf4 cxd4 13. cxd4 Qc3+ 14. Kf1 Nd7 15.
Ra2 Nf5 16. Qd2 Rc8 17. Qxc3 Rxc3 18. Ke2 b5 19. Bd2 Rc6 20. g4 Ne7 21. Nh4 O-O
22. g5 hxg5 23. Bxg5 f6 24. exf6 gxf6 25. Bh6 Rfc8 26. Rg1+ Kf7 27. Rg7+ Ke8 28.
Kd2 Nb6 29. Ng6 Nf5 30. Rh7 Nc4+ 31. Ke1 Ncd6 32. Bf4 Nf7 33. c3 Rxc3 34. Bxf5
exf5 35. Re2+ Ne5 36. dxe5 Rd3 37. Rh8+ Kf7 38. e6+ Kg7 39. Bh6# 1-0

[Event "Najdorf Mem Open A 2014"]
[Site "Warsaw POL"]
[Date "2014.07.17"]
[Round "5.1"]
[White "Cheparinov, Ivan"]
[Black "Durarbayli, Vasif"]
[Result "0-1"]
[WhiteTitle "GM"]
[BlackTitle "GM"]
[WhiteElo "2690"]
[BlackElo "2590"]
[WhiteFideId "2905540"]
[BlackFideId "13402935"]
[EventDate "2014.07.14"]

1. d4 Nf6 2. c4 e6 3. Nf3 b6 4. g3 Ba6 5. Qb3 Nc6 6. Nbd2 Bb4 7. d5 Bxd2+ 8.
Nxd2 exd5 9. cxd5 Ne7 10. e4 Bxf1 11. Kxf1 d6 12. Kg2 O-O 13. Re1 c6 14. dxc6
Nxc6 15. Nf3 Re8 16. Bf4 Rc8 17. Ng5 Qd7 18. Rad1 h6 19. Rxd6 Qb7 20. Nf3 Nxe4
21. Rdd1 Nc5 22. Rxe8+ Rxe8 23. Qc4 Ne6 24. Be3 b5 25. Qe4 Nc7 26. Qf5 Ne5 27.
h4 g6 28. Qf4 Nd5 29. Qe4 Nxe3+ 30. Qxe3 Re6 31. Rd4 Rf6 32. Rf4 Rxf4 33. gxf4
Nxf3 34. Qxf3 Qxf3+ 35. Kxf3 Kg7 36. Ke4 Kf6 37. b4 Ke6 38. f3 Kf6 39. a3 Ke6
40. f5+ gxf5+ 0-1

[Event "Najdorf Mem Open A 2014"]
[Site "Warsaw POL"]
[Date "2014.07.17"]
[Round "5.2"]
[White "Kempinski, Robert"]
[Black "Markowski, Tomasz"]
[Result "1/2-1/2"]
[WhiteTitle "GM"]
[BlackTitle "GM"]
[WhiteElo "2597"]
[BlackElo "2572"]
[WhiteFideId "1105663"]
[BlackFideId "1105680"]
[EventDate "2014.07.14"]

1. d4 d5 2. c4 dxc4 3. Nf3 Nf6 4. e3 e6 5. Bxc4 a6 6. O-O c5 7. dxc5 Qxd1 8.
Rxd1 Bxc5 9. Bd2 b5 10. Be2 Bb7 11. Bc3 Nbd7 12. Nbd2 O-O 13. Nb3 1/2-1/2

[Event "Najdorf Mem Open A 2014"]
[Site "Warsaw POL"]
[Date "2014.07.17"]
[Round "5.3"]
[White "Macieja, Bartlomiej"]
[Black "Areshchenko, Alexander"]
[Result "1-0"]
[WhiteTitle "GM"]
[BlackTitle "GM"]
[WhiteElo "2607"]
[BlackElo "2701"]
[WhiteFideId "1104306"]
[BlackFideId "14109530"]
[EventDate "2014.07.14"]

1. d4 Nf6 2. c4 g6 3. Nc3 d5 4. cxd5 Nxd5 5. e4 Nxc3 6. bxc3 Bg7 7. Nf3 c5 8.
Rb1 O-O 9. Be2 cxd4 10. cxd4 Qa5+ 11. Bd2 Qxa2 12. O-O Bg4 13. Rxb7 Bxf3 14.
Bxf3 Bxd4 15. Bb4 Rd8 16. Qc1 Nd7 17. Bxe7 Rdc8 18. Qd1 Nc5 19. Qxd4 Nxb7 20. e5
Rab8 21. Bd5 Qa6 22. e6 fxe6 23. Qf6 Rc6 24. Bxc6 Qxc6 25. Ba3 1-0

[Event "Najdorf Mem Open A 2014"]
[Site "Warsaw POL"]
[Date "2014.07.17"]
[Round "5.4"]
[White "Melkumyan, Hrant"]
[Black "Heberla, Bartlomiej"]
[Result "1/2-1/2"]
[WhiteTitle "GM"]
[BlackTitle "GM"]
[WhiteElo "2647"]
[BlackElo "2578"]
[WhiteFideId "13302485"]
[BlackFideId "1115120"]
[EventDate "2014.07.14"]

1. d4 d5 2. c4 c6 3. Nf3 Nf6 4. g3 Bf5 5. Nc3 e6 6. Nh4 Be4 7. f3 Bg6 8. Qb3 Qb6
9. Nxg6 hxg6 10. c5 Qc7 11. e4 Nbd7 12. exd5 Nxd5 13. Nxd5 cxd5 14. Bb5 a6 15.
Ba4 Be7 16. Bf4 Qc8 17. Rc1 O-O 18. O-O Nb8 19. Bd6 Bxd6 20. cxd6 Nc6 21. Qb6
Rb8 22. Bxc6 bxc6 23. Qxc6 Qd8 24. d7 Rxb2 25. Qd6 Rb6 26. Rc6 Rxc6 27. Qxc6 Qe7
28. Rb1 Rd8 29. Rb7 Qa3 30. Rb3 Qe7 31. Rb7 Qa3 32. Qc8 Qe3+ 33. Kg2 Qd2+ 34.
Kh3 Qh6+ 35. Kg2 1/2-1/2

[Event "Najdorf Mem Open A 2014"]
[Site "Warsaw POL"]
[Date "2014.07.17"]
[Round "5.5"]
[White "Ragger, Markus"]
[Black "Zhigalko, Andrey"]
[Result "1/2-1/2"]
[WhiteTitle "GM"]
[BlackTitle "GM"]
[WhiteElo "2639"]
[BlackElo "2585"]
[WhiteFideId "1610856"]
[BlackFideId "13502247"]
[EventDate "2014.07.14"]

1. d4 Nf6 2. c4 e6 3. Nf3 b6 4. a3 Ba6 5. Qc2 Bb7 6. Nc3 c5 7. e4 cxd4 8. Nxd4
Bc5 9. Nf3 Nc6 10. b4 Be7 11. Bf4 Nh5 12. Be3 Qb8 13. Qd2 O-O 14. Be2 Rd8 15.
O-O Nf6 16. Rfd1 d6 17. Rac1 Rd7 18. h3 Qf8 19. Bd3 Rc8 20. Qe2 Rdd8 21. Nd2 g6
22. Bb1 Qg7 23. f4 d5 24. cxd5 exd5 25. exd5 Nxd5 26. Nxd5 Rxd5 27. Nf3 Rxd1+
28. Rxd1 Rc7 29. Ba2 Qf8 30. f5 Bf6 31. Bg5 Nd4 32. Nxd4 Bxg5 33. fxg6 hxg6 34.
Qg4 Be3+ 35. Kh1 Qd6 36. Bb3 Bxd4 37. Rxd4 Rc1+ 38. Rd1 Rxd1+ 39. Qxd1 1/2-1/2

[Event "Najdorf Mem Open A 2014"]
[Site "Warsaw POL"]
[Date "2014.07.17"]
[Round "5.6"]
[White "Bernadskiy, Vitaliy"]
[Black "Petrosian, Tigran L."]
[Result "0-1"]
[WhiteTitle "IM"]
[BlackTitle "GM"]
[WhiteElo "2550"]
[BlackElo "2629"]
[WhiteFideId "14100371"]
[BlackFideId "13301616"]
[EventDate "2014.07.14"]

1. b3 e5 2. Bb2 Nc6 3. e3 Nf6 4. Bb5 Bd6 5. Na3 Na5 6. Be2 a6 7. c4 O-O 8. Nc2
c5 9. Nf3 Nc6 10. d4 Qa5+ 11. Qd2 Qxd2+ 12. Nxd2 exd4 13. exd4 Re8 14. d5 Be5
15. Bxe5 Nxe5 16. O-O d6 17. f4 Neg4 18. Bd3 h5 19. Rfe1 Bd7 20. g3 b5 21. h3
Nh6 22. Kg2 g6 23. Rxe8+ Rxe8 24. Re1 Rb8 25. Ne3 Kf8 26. Nf3 bxc4 27. bxc4 Rb2+
28. Re2 Rxe2+ 29. Bxe2 Ne4 30. Bd3 Bxh3+ 31. Kxh3 Nf2+ 32. Kg2 Nxd3 33. a3 Ng4
34. Nd1 Nf6 35. Nd2 Ne1+ 36. Kf2 Nc2 37. Ke2 Nd4+ 38. Kd3 Nf5 39. Nf1 h4 40.
gxh4 Nh5 41. Kc3 Ke7 42. Kb3 Kd7 43. Ka4 Kc7 44. Ka5 Kb7 45. Nd2 Nxf4 46. Ne4
Nd3 47. Ka4 Ne5 48. Nb2 Kb6 49. Kb3 Kc7 50. Ka4 Ne3 51. Kb3 f5 52. Ng5 Ng2 53.
Ne6+ Kd7 54. Na4 Kc8 55. h5 gxh5 56. Ng7 h4 57. Nxf5 Kc7 58. Nc3 h3 59. Ne4 h2
60. Neg3 Ng4 61. Nh1 N2e3 62. Nxe3 Nxe3 63. Kc3 Ng4 64. Kd3 Ne5+ 65. Kc3 Kb6 66.
Kb3 Ka5 67. Ng3 Nf3 68. Nh1 Nd4+ 69. Kb2 Ka4 70. Ka2 Nf3 71. Kb2 Ne5 0-1

[Event "Najdorf Mem Open A 2014"]
[Site "Warsaw POL"]
[Date "2014.07.17"]
[Round "5.7"]
[White "Sandipan, Chanda"]
[Black "Socko, Bartosz"]
[Result "1/2-1/2"]
[WhiteTitle "GM"]
[BlackTitle "GM"]
[WhiteElo "2597"]
[BlackElo "2616"]
[WhiteFideId "5004225"]
[BlackFideId "1107038"]
[EventDate "2014.07.14"]

1. d4 Nf6 2. Nf3 g6 3. Bf4 Bg7 4. c3 d6 5. h3 O-O 6. Nbd2 Re8 7. e4 Nh5 8. Be3
e5 9. dxe5 dxe5 10. g3 b6 11. Bc4 Qe7 12. a4 a5 13. Qb3 h6 14. O-O-O Nd7 15. Bd5
Ra7 16. Nc4 Qf6 17. Nh2 Qe7 18. Ng4 Nhf6 19. Nxf6+ Nxf6 20. Bc6 Rf8 21. Na3 Bb7
22. Qc4 Bxc6 23. Qxc6 Qe6 24. Qxe6 fxe6 25. Nb5 Rb7 26. Rhe1 Nxe4 27. Re2 Nf6
28. c4 c6 29. Nd6 Rbb8 30. Bd2 Rbd8 31. Be3 Rb8 32. Bd2 Rbd8 33. Be3 1/2-1/2

[Event "Najdorf Mem Open A 2014"]
[Site "Warsaw POL"]
[Date "2014.07.17"]
[Round "5.8"]
[White "Fedoseev, Vladimir3"]
[Black "Dragun, Kamil"]
[Result "1/2-1/2"]
[WhiteTitle "GM"]
[BlackTitle "GM"]
[WhiteElo "2668"]
[BlackElo "2518"]
[WhiteFideId "24130737"]
[BlackFideId "1134167"]
[EventDate "2014.07.14"]

1. d4 Nf6 2. c4 e6 3. Nf3 Bb4+ 4. Nbd2 O-O 5. g3 b6 6. Bg2 Bb7 7. O-O d5 8. b3
Nbd7 9. Bb2 Qe7 10. Qc2 Rac8 11. e3 Ba3 12. cxd5 Bxb2 13. Qxb2 Bxd5 14. b4 c5
15. bxc5 bxc5 16. Qa3 Rc7 17. Rac1 Rfc8 18. Rfe1 Ne4 19. Nxe4 Bxe4 20. Red1 Kf8
21. Ne5 Bxg2 22. Nxd7+ Qxd7 23. Kxg2 Qe7 24. Qa6 g6 25. e4 Rd8 26. Qb5 Kg7 27.
Qa5 Rcc8 28. Rd2 cxd4 29. Rxc8 Rxc8 30. Rxd4 Rc5 31. Qa3 Qc7 32. Rd8 Qxd8 33.
Qxc5 Qd7 34. Qe5+ Kg8 35. a3 h5 36. Qc3 a6 37. Qc4 a5 38. a4 Qd2 39. Qc5 Kg7 40.
h3 Kg8 41. Qc4 Kh7 42. e5 Kg7 43. Qf4 Qd5+ 44. Kh2 Qc5 45. g4 hxg4 46. hxg4 Qc3
47. Qf6+ Kg8 48. Qd8+ Kg7 49. Qf6+ Kg8 50. Qd8+ 1/2-1/2

[Event "Najdorf Mem Open A 2014"]
[Site "Warsaw POL"]
[Date "2014.07.17"]
[Round "5.9"]
[White "Raznikov, Danny"]
[Black "Shimanov, Aleksandr"]
[Result "0-1"]
[WhiteTitle "IM"]
[BlackTitle "GM"]
[WhiteElo "2500"]
[BlackElo "2644"]
[WhiteFideId "2811154"]
[BlackFideId "4198603"]
[EventDate "2014.07.14"]

1. d4 d5 2. c4 c6 3. Nf3 Nf6 4. e3 Bf5 5. Nc3 e6 6. Nh4 Bg6 7. Qb3 Qc7 8. Nxg6
hxg6 9. Bd2 Nbd7 10. h3 Be7 11. cxd5 exd5 12. Bd3 Nf8 13. O-O-O Ne6 14. Kb1 b5
15. Rc1 a6 16. g4 Qb7 17. Qc2 c5 18. dxc5 Nxc5 19. Bxg6 b4 20. Na4 b3 21. axb3
Nxb3 22. Bf5 g6 23. g5 Nh7 24. Bxg6 Nxg5 25. Bf5 Rh6 26. e4 dxe4 27. Bxg5 Bxg5
28. Rcd1 Rb8 29. Rhg1 Qe7 30. Rg4 Kf8 31. Rxe4 Qb7 32. f4 Bf6 33. Qg2 Qb5 34.
Bd7 Qa5 35. Qe2 Rg6 36. Re8+ Rxe8 37. Qxe8+ Kg7 38. Qe3 Qb4 39. Ka2 Na5 40. Qd3
Rg2 41. Qa3 Qc4+ 42. Ka1 Nb3+ 43. Ka2 Nd4+ 0-1

[Event "Najdorf Mem Open A 2014"]
[Site "Warsaw POL"]
[Date "2014.07.17"]
[Round "5.10"]
[White "Krysztofiak, Marcin"]
[Black "Agdestein, Simen"]
[Result "1/2-1/2"]
[WhiteTitle "IM"]
[BlackTitle "GM"]
[WhiteElo "2423"]
[BlackElo "2637"]
[WhiteFideId "1114751"]
[BlackFideId "1500015"]
[EventDate "2014.07.14"]

1. Nf3 Nf6 2. g3 d5 3. Bg2 c6 4. O-O Bg4 5. d3 Nbd7 6. Qe1 e5 7. e4 dxe4 8. dxe4
Bd6 9. Nbd2 O-O 10. h3 Bh5 11. Nc4 Bc7 12. a4 Re8 13. Nh4 Nc5 14. Nf5 a5 15. b3
Ne6 16. Bb2 Qb8 17. Qc3 b5 18. axb5 cxb5 19. Nce3 Nd4 20. Kh1 Qb7 21. g4 Bg6 22.
Nd5 Nxd5 23. exd5 Bxf5 24. gxf5 Bb6 25. Qd3 Rac8 26. Bxd4 Bxd4 27. Rxa5 b4 28.
Qe2 Qc7 29. Ra2 e4 30. Bxe4 Qf4 31. f3 h5 32. Rd1 Be5 33. Qd2 Qh4 34. Qg2 Bd6
35. Ra6 Rcd8 36. Rg1 Be5 37. f6 Bxf6 38. Qg3 Qxg3 39. Rxg3 Be5 40. Rg1 g6 41.
Rd1 Rd6 42. Rxd6 Bxd6 43. Ra1 Kf8 1/2-1/2

[Event "Najdorf Mem Open A 2014"]
[Site "Warsaw POL"]
[Date "2014.07.17"]
[Round "5.11"]
[White "Krasenkow, Michal"]
[Black "Popilski, Gil"]
[Result "1/2-1/2"]
[WhiteTitle "GM"]
[BlackTitle "GM"]
[WhiteElo "2623"]
[BlackElo "2500"]
[WhiteFideId "1113100"]
[BlackFideId "2809060"]
[EventDate "2014.07.14"]

1. d4 Nf6 2. c4 g6 3. Nc3 d5 4. cxd5 Nxd5 5. e4 Nxc3 6. bxc3 Bg7 7. Nf3 c5 8.
Rb1 O-O 9. Be2 cxd4 10. cxd4 Qa5+ 11. Bd2 Qxa2 12. O-O Bg4 13. Bg5 h6 14. Be3
Nc6 15. d5 Na5 16. Rb4 Bxf3 17. Bxf3 Nc4 18. Bd4 Nd2 19. Bxg7 Kxg7 20. Re1 Nxf3+
21. gxf3 b6 22. Qd4+ Kg8 23. e5 Rfd8 24. Rc4 Rac8 25. Rxc8 Rxc8 26. e6 Qc4 27.
exf7+ Kxf7 28. Qe3 Qxd5 29. Qxh6 e5 30. Qh7+ Kf6 31. Qxa7 Qa5 32. Qxa5 bxa5 33.
Ra1 Rc5 34. Kg2 Ke6 35. Kg3 Kd5 36. Kg4 Kc4 37. Kg5 e4+ 38. Kxg6 exf3 39. h4 Kb3
40. h5 a4 41. h6 a3 42. h7 Rc6+ 1/2-1/2

[Event "Najdorf Mem Open A 2014"]
[Site "Warsaw POL"]
[Date "2014.07.17"]
[Round "5.12"]
[White "Mista, Aleksander"]
[Black "Romanishin, Oleg M"]
[Result "1/2-1/2"]
[WhiteTitle "GM"]
[BlackTitle "GM"]
[WhiteElo "2609"]
[BlackElo "2502"]
[WhiteFideId "1110381"]
[BlackFideId "14100088"]
[EventDate "2014.07.14"]

1. e4 e5 2. Nf3 Nc6 3. Bb5 a6 4. Ba4 Nf6 5. O-O Be7 6. d3 b5 7. Bb3 d6 8. a4 Bg4
9. c3 Na5 10. Bc2 b4 11. d4 c5 12. Nbd2 Qc7 13. h3 bxc3 14. bxc3 Be6 15. d5 Bd7
16. Qe2 O-O 17. Nb3 Rfb8 18. Nfd2 Nxb3 19. Bxb3 g6 20. Bc2 Nh5 21. Nc4 Bf6 22.
Kh2 a5 23. g3 Bc8 24. Kg2 Qd7 25. Rh1 Qd8 26. h4 Bg7 27. Bg5 Qd7 28. Bd3 Rb3 29.
Qc2 Rab8 30. Nxa5 Nxg3 31. Nxb3 Nxh1 32. Kxh1 h6 33. Be3 Qh3+ 34. Kg1 Qg4+ 35.
Kf1 f5 36. Rb1 f4 37. Bc1 Qxh4 38. Ke1 Qh1+ 39. Bf1 Bh3 40. Nd2 Ra8 41. Rb7 h5
42. Qd3 Bxf1 43. Qxf1 Qxf1+ 44. Kxf1 Rxa4 45. Kg2 g5 46. Rd7 Bf8 47. Nf3 g4 48.
Ng5 Bh6 49. Rxd6 Bxg5 50. Rg6+ Kf7 51. Rxg5 Ra1 52. Rf5+ Kg6 53. Bxf4 exf4 54.
Rxf4 Rd1 55. Rf8 c4 56. Rg8+ Kf6 57. f4 Rd2+ 58. Kf1 Rd3 59. Ke2 g3 60. Rh8 Kg6
61. f5+ Kg5 62. Rg8+ Kf6 63. Rg6+ Ke5 64. f6 Kxe4 65. d6 Rxd6 66. f7 Rxg6 67.
f8=Q g2 68. Qf3+ Ke5 69. Qxh5+ Kf6 70. Qh4+ Rg5 71. Qd4+ Kg6 72. Qg1 Kh5 73. Kf2
Rf5+ 74. Kg3 Rg5+ 75. Kh2 Rg4 76. Kh3 Rg5 77. Qd1+ Kh6 78. Qd6+ Kh5 79. Qd1+ Kh6
80. Qg1 Kh5 81. Kh2 Rg4 1/2-1/2

[Event "Najdorf Mem Open A 2014"]
[Site "Warsaw POL"]
[Date "2014.07.17"]
[Round "5.13"]
[White "Rozentalis, Eduardas"]
[Black "Debashis, Das"]
[Result "1-0"]
[WhiteTitle "GM"]
[BlackTitle "GM"]
[WhiteElo "2603"]
[BlackElo "2484"]
[WhiteFideId "12800023"]
[BlackFideId "5024854"]
[EventDate "2014.07.14"]

1. e4 e5 2. Nf3 Nc6 3. Bb5 a6 4. Bxc6 dxc6 5. Nc3 f6 6. d4 exd4 7. Nxd4 c5 8.
Nde2 Qxd1+ 9. Nxd1 Be6 10. Bf4 O-O-O 11. Ne3 Ne7 12. Rd1 Rxd1+ 13. Kxd1 g5 14.
Bg3 Bg7 15. f4 f5 16. e5 h6 17. Rf1 Rd8+ 18. Kc1 Nd5 19. Nxd5 Rxd5 20. Be1 b5
21. Bd2 b4 22. c4 Rd7 23. b3 g4 24. Kc2 Bf8 25. Be3 Rg7 26. Bf2 Bd7 27. Bh4 Bc6
28. Ng3 Be7 29. Bxe7 Rxe7 30. Re1 Bd7 31. Nh5 Bc6 32. g3 Rd7 33. e6 Rd6 34. Ng7 1-0